000 00924nam a2200241Ia 4500
003 OSt
005 20220923220303.0
006 a|||||r|||| 00| 0
007 ta
008 220922b |||||||| |||| 00| 0 hin d
024 _a185,722
037 _cTextual
040 _aARTS
_cARTS
_bhin
041 _2hin
_ahin
082 _aY1.1:K5, 152K9
100 _aअशरफ, के0 एम0
245 0 _aहिन्दुस्तान के निवासियों का जीवन और उनकी परिस्थितिया, अनु के एस लाल
246 _aHindustān ke nivāsiyoan kā jīvan aur unakī paristhitiyā, anu0 ke0 esa0 lāla
260 _aदिल्ली
_b प्रधान प्रकाशन
_c1969
300 _a324 पृ.
_ccm.
942 _hY1.1:K5, 152K9
_cTEXL
_2CC
999 _c338968
_d338968